000 00611nam a22002177a 4500
003 OSt
008 260306b2008 |||||||| |||| 00| 0 eng d
020 _a9789363861138
082 _a658.4038
_bSCH-B
100 _aScheps, Swain
245 _aBusiness intelligence for dummies /
_cSwain Scheps
260 _aNew Delhi :
_bWiley,
_c2008.
300 _axxii, 358 p. ;
650 _aBusiness intelligence
650 _aDecision support systems
650 _aData analysis in business
650 _aManagement information systems
650 _aData mining
650 _aBusiness analytics
942 _2ddc
_cBK
999 _c21616
_d21616